| 000 | 00701nam a2200217 a 4500 | ||
|---|---|---|---|
| 001 | 2466 | ||
| 005 | 20140414131932.0 | ||
| 008 | 040601s19uu xx 00 eng d | ||
| 020 | _a0-394-84557-9 | ||
| 050 |
_aREF 031 _bSch8 1980,v.8 |
||
| 100 | _aSchulz, Charles | ||
| 245 |
_aCharlie Brown's 'Cyclopedia, v.8 : _bfeaturing stars and planets. |
||
| 260 |
_aNew York : _bFunk and wagnalls, _c1980. |
||
| 300 | _a384 p. : ill. ; cm. | ||
| 440 | _aCharlie Brown's 'Cyclopedias | ||
| 500 | _a"Based on the Charles M. Schulz Characters"--Snoopy. | ||
| 520 | _aSuper Questions and answers and amazing facts. | ||
| 650 | _aCyclopedias. | ||
| 650 |
_aSpace _xJuvenile literature. |
||
| 999 |
_c112269 _d112269 |
||